[Event "BRA-chT U26"]
[Site "Foz do Iguacu"]
[Date "2012.10.21"]
[Round "6"]
[White "Dias Filho, Klebber Maux"]
[Black "Da Silva, Francisco Jhonatas"]
[Result "0-1"]
[WhiteElo "1800"]
[BlackElo "1800"]
[PlyCount "36"]
[EventDate "2012.10.18"]
[EventType "team-swiss"]
[EventRounds "7"]
[EventCountry "BRA"]
[SourceTitle "EXT 2013"]
[Source "ChessBase"]
[SourceDate "2012.11.22"]
[SourceVersion "1"]
[SourceVersionDate "2012.11.22"]
[SourceQuality "1"]

1. e4 c5 2. Nf3 d6 3. Nc3 Nc6 4. d4 cxd4 5. Nxd4 a6 6. Bc4 Nf6 7. Bg5 e6 8. 0-0 Be7 9. Re1 Bd7 10. a4 Rc8 11. Na2 0-0 12. Qd3 Ne5 13. Qg3 Nxe4 14. Rxe4 Bxg5 15. Bb3 Bf6 16. c3 Qb6 17. Bc4 Qxb2 18. Re2 Qxe2 0-1

[Event "BRA-chT U26"]
[Site "Foz do Iguacu"]
[Date "2012.10.20"]
[Round "5"]
[White "Gomes, Jose Murilo"]
[Black "Dias Filho, Klebber Maux"]
[Result "1/2-1/2"]
[WhiteElo "1800"]
[BlackElo "1800"]
[PlyCount "46"]
[EventDate "2012.10.18"]
[EventType "team-swiss"]
[EventRounds "7"]
[EventCountry "BRA"]
[SourceTitle "EXT 2013"]
[Source "ChessBase"]
[SourceDate "2012.11.22"]
[SourceVersion "1"]
[SourceVersionDate "2012.11.22"]
[SourceQuality "1"]

1. d4 d6 2. e4 Nf6 3. Nc3 g6 4. f4 Bg7 5. Nf3 0-0 6. Be2 Nbd7 7. e5 Ng4 8. Ng5 Nh6 9. 0-0 c5 10. Bc4 Nb6 11. Be2 f6 12. exf6 Bxf6 13. dxc5 dxc5 14. Be3 Bd4 15. Bxd4 cxd4 16. Nb5 e5 17. Ne4 exf4 18. Nxd4 Qh4 19. Nf3 Qe7 20. Bd3 Ng4 21. Qe2 Ne3 22. Rfe1 Bf5 23. Nf2 Rad8 1/2-1/2